[Event "European Championship (blitz) 2015"]
[Site "Minsk BLR"]
[Date "2015.12.18"]
[Round "4"]
[White "Trifonov, Denis"]
[Black "Navara, David"]
[Result "0-1"]
[WhiteElo "2198"]
[BlackElo "2730"]
[PlyCount "78"]
[EventDate "2015.12.18"]

1. e4 c6 2. d4 d5 3. exd5 cxd5 4. c4 Nf6 5. Nc3 Nc6 6. Nf3 Be6 7. Qb3 Na5 8.
Qa4+ Bd7 9. Qc2 dxc4 10. Ne5 Rc8 11. Be2 Nc6 12. Be3 Nb4 13. Qd2 e6 14. Nxc4
Be7 15. O-O O-O 16. Ne5 Nbd5 17. Bd3 Bb4 18. Rac1 Qa5 19. Nc4 Qc7 20. Bg5 Ng4
21. g3 Bxc3 22. bxc3 Bb5 23. Qe2 Nxh2 24. Kxh2 Bxc4 25. Rc2 Bxd3 26. Qxd3 Qc4
27. Qd1 Nxc3 28. Qa1 b5 29. a3 a5 30. Bd2 b4 31. Bxc3 bxc3 32. Rfc1 Qxd4 33.
Kg1 h5 34. Rxc3 Rxc3 35. Rxc3 h4 36. gxh4 Rd8 37. Qb2 Qxh4 38. Rg3 Rd1+ 39. Kg2
Qh1# 0-1

[Event "European Championship (blitz) 2015"]
[Site "Minsk BLR"]
[Date "2015.12.18"]
[Round "5"]
[White "Pogosian, Manvel"]
[Black "Navara, David"]
[Result "0-1"]
[WhiteElo "2382"]
[BlackElo "2730"]
[PlyCount "81"]
[EventDate "2015.12.18"]

1. d4 Nf6 2. Nf3 e6 3. g3 c5 4. Bg2 cxd4 5. Nxd4 d5 6. O-O e5 7. Nb3 Be6 8. Bg5
Nbd7 9. c3 Be7 10. N1d2 O-O 11. e4 dxe4 12. Nxe4 Qc7 13. Nxf6+ Nxf6 14. Re1
Rfd8 15. Qe2 h6 16. Bxf6 Bxf6 17. Rad1 a5 18. Qb5 Rxd1 19. Rxd1 a4 20. Nc5 Bxa2
21. Bxb7 Rb8 22. Rd7 Qc8 23. Bxc8 Rxb5 24. Nxa4 Bb3 25. Ra7 Bxa4 26. Rxa4 Rxb2
27. Bf5 g6 28. Be4 Be7 29. Rc4 Kg7 30. Rc7 Bd8 31. Rb7 Bb6 32. Bd5 Bxf2+ 33.
Kf1 Rxb7 34. Bxb7 Bc5 35. Ke2 f5 36. h4 Kf6 37. Bc6 e4 38. Be8 Bd6 39. Kf2 Be5
40. c4 Bd4+ 41. Ke2 0-1

[Event "European Championship (blitz) 2015"]
[Site "Minsk BLR"]
[Date "2015.12.18"]
[Round "7"]
[White "Navara, David"]
[Black "Popov, Valerij"]
[Result "1-0"]
[WhiteElo "2730"]
[BlackElo "2528"]
[PlyCount "87"]
[EventDate "2015.12.18"]

1. d4 d5 2. c4 c6 3. cxd5 cxd5 4. Nc3 Nf6 5. Bf4 Nc6 6. e3 a6 7. Bd3 Bg4 8.
Nge2 e6 9. O-O Bd6 10. f3 Bh5 11. Bxd6 Qxd6 12. Nf4 Bg6 13. Rc1 Bxd3 14. Nxd3
O-O 15. Na4 Rac8 16. Qb3 Rc7 17. Ndc5 Na5 18. Qb4 Nc4 19. e4 Qf4 20. Rfe1 b5
21. Nd3 Qg5 22. b3 dxe4 23. fxe4 Ne3 24. Qd2 Rxc1 25. Nxc1 bxa4 26. Qxe3 Qxe3+
27. Rxe3 Rc8 28. Ne2 Rc2 29. Rc3 axb3 30. axb3 Rxc3 31. Nxc3 Kf8 32. Kf2 Ke7
33. e5 Ng4+ 34. Kg3 Ne3 35. Kf3 Nf5 36. Ke4 Kd7 37. Na4 Kc6 38. d5+ Kc7 39. Nc5
Nh4 40. Nxa6+ Kb6 41. d6 Kc6 42. b4 Nf5 43. b5+ Kd7 44. Nc5+ 1-0

[Event "European Championship (blitz) 2015"]
[Site "Minsk BLR"]
[Date "2015.12.18"]
[Round "8"]
[White "Popov, Valerij"]
[Black "Navara, David"]
[Result "0-1"]
[WhiteElo "2528"]
[BlackElo "2730"]
[PlyCount "110"]
[EventDate "2015.12.18"]

1. Nf3 d5 2. c4 d4 3. g3 Nc6 4. Bg2 e5 5. O-O e4 6. Ne1 h5 7. Bxe4 h4 8. e3 Nf6
9. Bg2 dxe3 10. Qe2 Nd4 11. Qxe3+ Be7 12. Nc3 c6 13. Nd5 cxd5 14. Qxd4 hxg3 15.
hxg3 Bh3 16. Bxh3 Rxh3 17. Kg2 Qd7 18. d3 O-O-O 19. Bf4 b6 20. cxd5 Nxd5 21.
Nf3 Rdh8 22. Rh1 Bc5 23. Qc4 Kb7 24. Bd2 Rxh1 25. Rxh1 Rxh1 26. Kxh1 Bxf2 27.
Kg2 Be3 28. Ne5 Qe6 29. Bc3 Bc5 30. Qe4 f5 31. Qf3 Kc7 32. Nc4 g5 33. Be5+ Kb7
34. d4 g4 35. Qd3 Be7 36. a3 Bf8 37. Kg1 a6 38. Ne3 Nxe3 39. Qxe3 Bh6 40. Qf2
Qc8 41. Kh2 Bg5 42. d5 Qc4 43. Qxf5 Qe2+ 44. Kh1 Qe1+ 45. Kh2 Qe2+ 46. Kh1 Qd1+
47. Kh2 Qd2+ 48. Kh1 Qxd5+ 49. Kh2 Be7 50. Qf4 a5 51. Bc3 Qe6 52. Qf2 Bc5 53.
Qg2+ Ka7 54. Qd2 Qf5 55. Qe2 Qh5+ 0-1

[Event "European Championship (blitz) 2015"]
[Site "Minsk BLR"]
[Date "2015.12.18"]
[Round "11"]
[White "Navara, David"]
[Black "Aleksandrov, Aleksej"]
[Result "1-0"]
[WhiteElo "2730"]
[BlackElo "2615"]
[PlyCount "82"]
[EventDate "2015.12.18"]

1. c4 e6 2. g3 d5 3. Bg2 Nf6 4. Nf3 dxc4 5. Qa4+ Nbd7 6. Qxc4 c5 7. Qb3 Rb8 8.
a4 b6 9. d3 Bd6 10. Na3 a6 11. Nc4 Bc7 12. Bd2 Bb7 13. O-O O-O 14. e4 Ba8 15.
Qc2 Qe7 16. Rfb1 Rfc8 17. Bc3 b5 18. axb5 axb5 19. Ncd2 Ng4 20. b3 Nge5 21.
Nxe5 Nxe5 22. f4 Ng4 23. Nf1 Bb6 24. Bf3 Nf6 25. Kg2 Nd7 26. Nd2 h6 27. Qb2 f6
28. Qc2 Bb7 29. Ra2 Ra8 30. Rba1 Rxa2 31. Rxa2 Qd6 32. Qb1 f5 33. Qf1 Qc7 34.
Qe2 Kh8 35. Ra1 Ra8 36. Rxa8+ Bxa8 37. exf5 Bxf3+ 38. Nxf3 exf5 39. Qe7 Nf6 40.
Bxf6 gxf6 41. Qxf6+ Kg8 1-0

[Event "European Championship (blitz) 2015"]
[Site "Minsk BLR"]
[Date "2015.12.18"]
[Round "12"]
[White "Aleksandrov, Aleksej"]
[Black "Navara, David"]
[Result "0-1"]
[WhiteElo "2615"]
[BlackElo "2730"]
[PlyCount "62"]
[EventDate "2015.12.18"]

1. d4 Nf6 2. c4 e6 3. Nc3 Bb4 4. e3 O-O 5. Nge2 d5 6. a3 Bd6 7. Ng3 c6 8. Qc2
e5 9. dxe5 Bxe5 10. Bd3 Be6 11. cxd5 cxd5 12. O-O Nc6 13. Bf5 Rc8 14. Bd2 Qd7
15. Bxe6 fxe6 16. Rad1 Na5 17. Bc1 Nc4 18. Qb3 Qc6 19. Nce2 a6 20. Nd4 Qd7 21.
Nf3 Bb8 22. Qa2 Bxg3 23. hxg3 Ne4 24. Nd2 Ncxd2 25. Bxd2 Rc2 26. Be1 Nxg3 27.
Qb3 Ne2+ 28. Kh2 Rf6 29. g4 Qc7+ 30. Kg2 Qg3+ 31. fxg3 Nf4+ 0-1

[Event "European Championship (blitz) 2015"]
[Site "Minsk BLR"]
[Date "2015.12.18"]
[Round "13"]
[White "Bortnyk, Mykola"]
[Black "Navara, David"]
[Result "1-0"]
[WhiteElo "2416"]
[BlackElo "2730"]
[PlyCount "73"]
[EventDate "2015.12.18"]

1. e4 c6 2. Nc3 d5 3. Nf3 dxe4 4. Nxe4 Bg4 5. Bc4 e6 6. h3 Bh5 7. Ng3 Bg6 8. d3
Nd7 9. Bf4 Ngf6 10. Qd2 Nd5 11. O-O Nxf4 12. Qxf4 Be7 13. Rfe1 O-O 14. Rad1 Bf6
15. c3 Nb6 16. Ne5 Rc8 17. Nxg6 hxg6 18. Bb3 Nd5 19. Qf3 Qc7 20. Ne4 Be7 21. d4
b5 22. Re2 a5 23. a4 bxa4 24. Bxa4 Rb8 25. Rc1 Rfc8 26. c4 Nb6 27. Bd1 Rd8 28.
Qc3 Rd7 29. Nc5 Bxc5 30. dxc5 Nc8 31. Ra1 Ne7 32. Bc2 Rb4 33. Be4 Nf5 34. Bxf5
gxf5 35. g3 Qd8 36. Re3 Qb8 37. b3 1-0

[Event "European Championship (blitz) 2015"]
[Site "Minsk BLR"]
[Date "2015.12.18"]
[Round "15"]
[White "Navara, David"]
[Black "Sychev, Klementy"]
[Result "0-1"]
[WhiteElo "2730"]
[BlackElo "2415"]
[PlyCount "56"]
[EventDate "2015.12.18"]

1. d4 Nf6 2. c4 g6 3. Nc3 d5 4. e3 Bg7 5. cxd5 Nxd5 6. Nxd5 Qxd5 7. Ne2 O-O 8.
Nc3 Qd8 9. Be2 c5 10. d5 e6 11. e4 exd5 12. exd5 b6 13. O-O Bb7 14. d6 Nc6 15.
Bf3 Rb8 16. Bf4 Nd4 17. Bxb7 Rxb7 18. Re1 Rd7 19. Qa4 g5 20. Bxg5 Nf3+ 21. gxf3
Qxg5+ 22. Kh1 Rxd6 23. Ne4 Qf4 24. Rg1 Qxf3+ 25. Rg2 Rd4 26. Qc6 Rxe4 27. Rag1
Kh8 28. Qd6 Rg4 0-1

[Event "European Championship (blitz) 2015"]
[Site "Minsk BLR"]
[Date "2015.12.18"]
[Round "16"]
[White "Sychev, Klementy"]
[Black "Navara, David"]
[Result "1/2-1/2"]
[WhiteElo "2415"]
[BlackElo "2730"]
[PlyCount "85"]
[EventDate "2015.12.18"]

1. d4 Nf6 2. c4 e6 3. Nf3 b6 4. g3 Ba6 5. Qc2 Bb7 6. Bg2 c5 7. d5 exd5 8. cxd5
Nxd5 9. O-O Nc6 10. Rd1 Be7 11. Qa4 Nf6 12. Nh4 g6 13. Bh6 Bf8 14. Bg5 Bg7 15.
Nc3 h6 16. Bf4 O-O 17. Nb5 Ne8 18. Rd2 g5 19. Rad1 a6 20. Nd6 Nxd6 21. Bxd6 b5
22. Qa3 gxh4 23. Bxf8 Bxf8 24. Rxd7 Qb6 25. Qf3 Nd8 26. Qg4+ Kh8 27. Rxd8 Rxd8
28. Rxd8 Qxd8 29. Bxb7 h3 30. Qxh3 Qd1+ 31. Kg2 Qxe2 32. Qf5 Kg7 33. Be4 Qxb2
34. Qh7+ Kf6 35. Qh8+ Bg7 36. Qd8+ Ke6 37. Qd5+ Ke7 38. Qb7+ Kd8 39. Qa8+ Kc7
40. Qb7+ Kd8 41. Qa8+ Kc7 42. Qb7+ Kd8 43. Qb6+ 1/2-1/2

[Event "European Championship (blitz) 2015"]
[Site "Minsk BLR"]
[Date "2015.12.18"]
[Round "17"]
[White "Girya, Olga"]
[Black "Navara, David"]
[Result "1/2-1/2"]
[WhiteElo "2456"]
[BlackElo "2730"]
[PlyCount "124"]
[EventDate "2015.12.18"]

1. d4 Nf6 2. Nf3 d5 3. c4 c6 4. Nc3 e6 5. e3 Nbd7 6. Be2 dxc4 7. a4 Bd6 8. Nd2
e5 9. Nxc4 Bc7 10. b3 exd4 11. Qxd4 c5 12. Nd6+ Kf8 13. Qd2 Ne5 14. Nxc8 Rxc8
15. Qxd8+ Rxd8 16. Ba3 b6 17. O-O g6 18. b4 cxb4 19. Bxb4+ Kg7 20. Nb5 Bb8 21.
a5 Nc6 22. Bc3 Nxa5 23. Bxa5 bxa5 24. Rxa5 Rd2 25. Bf3 Rc8 26. Nxa7 Bxa7 27.
Rxa7 Rcc2 28. h3 h5 29. Rb1 Nd7 30. Rd1 Ne5 31. Rxd2 Nxf3+ 32. gxf3 Rxd2 33.
Kg2 g5 34. Ra5 Kg6 35. Kg3 f6 36. Ra4 h4+ 37. Kg2 Rc2 38. f4 Rb2 39. Kf3 Rc2
40. Rb4 Ra2 41. Rc4 Rb2 42. fxg5 fxg5 43. Rc6+ Kf7 44. Ra6 Rc2 45. Rb6 Ra2 46.
e4 Rc2 47. Kg4 Rxf2 48. Kxg5 Re2 49. Rf6+ Ke7 50. Rf4 Ke6 51. Rxh4 Re3 52. Kf4
Re1 53. Rh6+ Kf7 54. Kf5 Rf1+ 55. Ke5 Rf2 56. Rh7+ Kg6 57. Rh8 Ra2 58. Rg8+ Kf7
59. Rg3 Ra5+ 60. Kf4 Kf6 61. Rb3 Kg6 62. Rd3 Kf6 1/2-1/2

[Event "European Championship (blitz) 2015"]
[Site "Minsk BLR"]
[Date "2015.12.18"]
[Round "18"]
[White "Navara, David"]
[Black "Girya, Olga"]
[Result "1-0"]
[WhiteElo "2730"]
[BlackElo "2456"]
[PlyCount "99"]
[EventDate "2015.12.18"]

1. e4 c6 2. d4 d5 3. Nc3 dxe4 4. Nxe4 Nd7 5. Bc4 Ngf6 6. Nxf6+ Nxf6 7. c3 g6 8.
h3 Bg7 9. Nf3 O-O 10. O-O Qd6 11. Re1 Nd5 12. Bb3 b5 13. a4 e6 14. Ne5 Bb7 15.
Nd3 b4 16. Bxd5 cxd5 17. Bf4 Qe7 18. Nxb4 a5 19. Nd3 Ba6 20. Nc5 Bc4 21. b3 Ba6
22. Qd2 Rfc8 23. b4 Bc4 24. Be5 Bf8 25. Qf4 Bg7 26. Bxg7 Kxg7 27. b5 Rxc5 28.
dxc5 Qxc5 29. Qd4+ Qxd4 30. cxd4 Rb8 31. Rab1 Rb6 32. Rec1 h5 33. f4 Kf6 34.
Kf2 Kf5 35. Ke3 h4 36. Rc3 Kf6 37. Rbc1 Ke7 38. Rxc4 dxc4 39. Rxc4 Rb8 40. Rc7+
Kf6 41. Ra7 Rc8 42. Rxa5 Rc3+ 43. Kd2 Rb3 44. Kc2 Rb4 45. Kc3 Rb1 46. Ra7 Rg1
47. b6 Rb1 48. a5 Rb5 49. b7 Kf5 50. a6 1-0

[Event "European Championship (blitz) 2015"]
[Site "Minsk BLR"]
[Date "2015.12.18"]
[Round "19"]
[White "Navara, David"]
[Black "Belyakov, Bogdan"]
[Result "1-0"]
[WhiteElo "2730"]
[BlackElo "2511"]
[PlyCount "81"]
[EventDate "2015.12.18"]

1. d4 Nf6 2. Nf3 g6 3. c4 Bg7 4. Nc3 O-O 5. e4 d6 6. h3 Na6 7. Bg5 h6 8. Be3 e5
9. d5 Nc5 10. Nd2 a5 11. g4 Nfd7 12. Rg1 a4 13. a3 c6 14. Be2 Kh8 15. h4 Qxh4
16. Nf3 Qe7 17. Rh1 Kg8 18. Bxh6 Bxh6 19. Rxh6 Qf6 20. g5 Qg7 21. dxc6 bxc6 22.
Qxd6 Nb3 23. Rd1 Nd4 24. Nxd4 exd4 25. Qxd4 Qxd4 26. Rxd4 Kg7 27. Rd6 f6 28.
Rxc6 Rf7 29. f4 Bb7 30. Rd6 Re8 31. e5 fxe5 32. Rdxg6+ Kf8 33. Rh8+ Ke7 34.
Re6+ Kxe6 35. Rxe8+ Kf5 36. fxe5 Nxe5 37. Nxa4 Rh7 38. Nc5 Rh1+ 39. Kd2 Bc6 40.
Re7 Nxc4+ 41. Bxc4 1-0

[Event "European Championship (blitz) 2015"]
[Site "Minsk BLR"]
[Date "2015.12.18"]
[Round "20"]
[White "Belyakov, Bogdan"]
[Black "Navara, David"]
[Result "0-1"]
[WhiteElo "2511"]
[BlackElo "2730"]
[PlyCount "102"]
[EventDate "2015.12.18"]

1. e4 c6 2. d4 d5 3. Nc3 dxe4 4. Nxe4 Bf5 5. Ng3 Bg6 6. Bc4 e6 7. N1e2 Nf6 8.
O-O Bd6 9. f4 Qc8 10. f5 exf5 11. Bd3 Ne4 12. Nf4 Nxg3 13. hxg3 O-O 14. Bd2 Nd7
15. Nxg6 hxg6 16. g4 fxg4 17. Qxg4 Nf6 18. Qh4 Qg4 19. Bg5 Qxh4 20. Bxh4 Nd5
21. c3 c5 22. dxc5 Bxc5+ 23. Kh2 Rae8 24. Rf3 Re5 25. g4 Ne3 26. Kh3 Rd5 27.
Be4 Rd2 28. Bf2 Bd6 29. b3 Nxg4 30. Be1 Re2 31. Bd3 Re3 32. Rxe3 Nxe3 33. Bf2
Nd5 34. Bxa7 Nf4+ 35. Kg4 Nxd3 36. Rd1 f5+ 37. Kh3 Nf4+ 38. Kg3 Be5 39. Kf3 g5
40. Rd7 g4+ 41. Ke3 Rf7 42. Rd8+ Kh7 43. Re8 Nd5+ 44. Kd3 Bc7 45. Kd4 Ne7 46.
Bc5 g3 47. Ke3 f4+ 48. Kf3 Ng6 49. Kg4 f3 50. Re1 f2 51. Rh1+ Kg8 0-1

[Event "European Championship (blitz) 2015"]
[Site "Minsk BLR"]
[Date "2015.12.18"]
[Round "21"]
[White "Rozum, Ivan"]
[Black "Navara, David"]
[Result "0-1"]
[WhiteElo "2559"]
[BlackElo "2730"]
[PlyCount "88"]
[EventDate "2015.12.18"]

1. d4 Nf6 2. c4 e6 3. g3 c5 4. d5 exd5 5. cxd5 d6 6. Nc3 g6 7. Bg2 Bg7 8. Nf3
O-O 9. O-O Re8 10. Bf4 Ne4 11. Nxe4 Rxe4 12. Nd2 Rxf4 13. gxf4 Bxb2 14. Rb1 Bg7
15. e4 b6 16. e5 Bf5 17. Rb3 Nd7 18. e6 Nf6 19. Nc4 Nh5 20. Qf3 Rc8 21. Re1 Bh6
22. e7 Qd7 23. Nxd6 Qxd6 24. e8=Q+ Rxe8 25. Rxe8+ Kg7 26. Qc3+ f6 27. Qe1 Bxf4
28. Qe7+ Kh6 29. Qxd6 Bxd6 30. Bh3 c4 31. Rc3 Bd3 32. Bf1 Nf4 33. Rxc4 Bxc4 34.
Bxc4 Bc5 35. Kf1 Nh3 36. f3 Ng5 37. Ke2 Nf7 38. Ra8 a5 39. Bb3 Nd6 40. a4 Kg5
41. Rd8 Kf4 42. Rd7 h5 43. Bc2 g5 44. Rh7 h4 0-1

[Event "European Championship (blitz) 2015"]
[Site "Minsk BLR"]
[Date "2015.12.18"]
[Round "22"]
[White "Navara, David"]
[Black "Rozum, Ivan"]
[Result "1-0"]
[WhiteElo "2730"]
[BlackElo "2559"]
[PlyCount "49"]
[EventDate "2015.12.18"]

1. d4 Nf6 2. c4 e6 3. Nf3 Bb4+ 4. Nbd2 O-O 5. a3 Be7 6. e4 d6 7. Be2 Nbd7 8.
O-O c5 9. b3 cxd4 10. Nxd4 a6 11. Bb2 Qc7 12. Rc1 b6 13. Bd3 Bb7 14. Qe2 Rfe8
15. f4 Bf8 16. N4f3 Nc5 17. Bb1 Bc6 18. e5 Nh5 19. Ng5 g6 20. Qxh5 gxh5 21.
Bxh7+ Kh8 22. exd6+ Bg7 23. Bxg7+ Kxg7 24. dxc7 f6 25. Be4 1-0

[Event "European Championship (blitz) 2015"]
[Site "Minsk BLR"]
[Date "2015.12.18"]
[Round "1"]
[White "Savchenko, Boris"]
[Black "Morozov, Vitalij"]
[Result "1-0"]
[WhiteElo "2612"]
[BlackElo "1992"]
[PlyCount "46"]
[EventDate "2015.12.18"]

1. e4 c5 2. Nf3 d6 3. d4 cxd4 4. Nxd4 Nf6 5. Nc3 g6 6. Be3 Bg7 7. f3 Nc6 8. Qd2
O-O 9. Bc4 Bd7 10. O-O-O Ne5 11. Be2 Qa5 12. Nb3 Qc7 13. g4 h5 14. g5 Nh7 15.
Nd5 Qd8 16. Bd4 Rc8 17. Bxa7 Nc4 18. Bxc4 Rxc4 19. Kb1 Ra4 20. Bd4 e5 21. Be3
Qa8 22. Nb6 Qe8 23. Qxd6 Be6 1-0

[Event "European Championship (blitz) 2015"]
[Site "Minsk BLR"]
[Date "2015.12.18"]
[Round "2"]
[White "Morozov, Vitalij"]
[Black "Savchenko, Boris"]
[Result "0-1"]
[WhiteElo "1992"]
[BlackElo "2612"]
[PlyCount "59"]
[EventDate "2015.12.18"]

1. e4 c5 2. Nc3 Nc6 3. f4 e6 4. Nf3 d5 5. Bb5 a6 6. Bxc6+ bxc6 7. d3 Ne7 8. O-O
Ng6 9. Qe1 Be7 10. Ne5 Qc7 11. Ng4 h5 12. Nf2 Nxf4 13. Ne2 Ng6 14. Nh3 Bd6 15.
Nef4 Nxf4 16. Bxf4 e5 17. Bd2 Bxh3 18. gxh3 f6 19. Qg3 Qf7 20. Rf2 c4 21. dxc4
dxe4 22. Be3 f5 23. Rd1 f4 24. Rxd6 fxg3 25. Rxf7 gxh2+ 26. Kxh2 Kxf7 27. Rxc6
Rhc8 28. Rd6 Rxc4 29. c3 Rb8 30. Rxa6 0-1

[Event "European Championship (blitz) 2015"]
[Site "Minsk BLR"]
[Date "2015.12.18"]
[Round "3"]
[White "Aliyev, Rasim"]
[Black "Savchenko, Boris"]
[Result "1/2-1/2"]
[WhiteElo "2213"]
[BlackElo "2612"]
[PlyCount "43"]
[EventDate "2015.12.18"]

1. e4 e6 2. d4 d5 3. e5 c5 4. c3 Bd7 5. Nf3 Qb6 6. Bd3 Nc6 7. O-O cxd4 8. cxd4
Nxd4 9. Nxd4 Qxd4 10. Nc3 a6 11. Qe2 Bc6 12. Kh1 Ne7 13. f4 Qb6 14. Be3 Qd8 15.
Bc5 g6 16. b4 h5 17. a4 Bd7 18. b5 Rc8 19. Qf2 Nf5 20. Bb6 Qe7 21. bxa6 bxa6
22. Ne2 1/2-1/2

[Event "European Championship (blitz) 2015"]
[Site "Minsk BLR"]
[Date "2015.12.18"]
[Round "4"]
[White "Savchenko, Boris"]
[Black "Aliyev, Rasim"]
[Result "1/2-1/2"]
[WhiteElo "2612"]
[BlackElo "2213"]
[PlyCount "73"]
[EventDate "2015.12.18"]

1. e4 c6 2. d4 d5 3. Nc3 dxe4 4. Nxe4 Nf6 5. Nxf6+ exf6 6. c3 Bd6 7. Qe2+ Be6
8. Qc2 O-O 9. Bd3 g6 10. Ne2 Qc7 11. h3 Nd7 12. O-O Rfe8 13. a4 f5 14. c4 Nf6
15. a5 a6 16. Nc3 c5 17. Bg5 Ne4 18. Bxe4 fxe4 19. Nxe4 cxd4 20. Nf6+ Kg7 21.
Nxe8+ Rxe8 22. b3 Bf5 23. Qb2 f6 24. Bd2 Qc5 25. Rfe1 Re4 26. Rxe4 Bxe4 27. Re1
Qe5 28. g3 Qf5 29. Qxd4 Bc5 30. g4 Qf3 31. Qxe4 Qxf2+ 32. Kh1 Qxd2 33. Qxb7+
Kh6 34. Qe4 Qc3 35. Kg2 Qxb3 36. Qf4+ Kg7 37. Qc7+ 1/2-1/2

[Event "European Championship (blitz) 2015"]
[Site "Minsk BLR"]
[Date "2015.12.18"]
[Round "7"]
[White "Smirnov, Alexey"]
[Black "Savchenko, Boris"]
[Result "0-1"]
[WhiteElo "2455"]
[BlackElo "2612"]
[PlyCount "78"]
[EventDate "2015.12.18"]

1. d4 e6 2. c4 b6 3. Nc3 Bb4 4. e3 Bb7 5. Nf3 f5 6. Bd3 Nf6 7. Bd2 O-O 8. O-O
d6 9. a3 Bxc3 10. Bxc3 Ne4 11. Be1 Rf6 12. Nd2 Rg6 13. Nxe4 fxe4 14. Be2 Qg5
15. g3 Nd7 16. Bd2 Nf6 17. Rc1 h5 18. c5 Bd5 19. cxd6 cxd6 20. Rc7 h4 21. Qc2
Kh7 22. Rc8 Rxc8 23. Qxc8 Ng4 24. Bxg4 Qxg4 25. Qc2 Rf6 26. Qd1 Rf3 27. Kg2 Bc4
28. Re1 h3+ 29. Kg1 Qf5 30. Rf1 a5 31. Bc3 Kg6 32. Qd2 Bxf1 33. Kxf1 Qb5+ 34.
Qe2 Qxe2+ 35. Kxe2 Rf8 36. Ke1 Kf5 37. Ke2 Rc8 38. Ke1 Kg4 39. Ke2 a4 0-1

[Event "European Championship (blitz) 2015"]
[Site "Minsk BLR"]
[Date "2015.12.18"]
[Round "8"]
[White "Savchenko, Boris"]
[Black "Smirnov, Alexey"]
[Result "1/2-1/2"]
[WhiteElo "2612"]
[BlackElo "2455"]
[PlyCount "71"]
[EventDate "2015.12.18"]

1. e4 c5 2. Nf3 d6 3. c3 Nf6 4. Be2 Nc6 5. d3 g6 6. a4 Bg7 7. Na3 O-O 8. h3 d5
9. Qc2 e5 10. Bg5 Be6 11. O-O h6 12. Bd2 Rc8 13. Rfc1 Qd7 14. Bf1 Rfd8 15. exd5
Bxd5 16. Qd1 e4 17. dxe4 Bxe4 18. Be3 Qe7 19. Qe2 Nd5 20. Bxc5 Qxc5 21. Qxe4
Re8 22. Qc4 Qxc4 23. Nxc4 Rcd8 24. Rd1 Nf4 25. g3 Ne6 26. Ne3 Bf6 27. Bb5 Kg7
28. Nd5 Nc5 29. Nxf6 Kxf6 30. Nd4 Rc8 31. Kf1 Red8 32. Nxc6 Rxd1+ 33. Rxd1 bxc6
34. Rd6+ Ke5 35. Rxc6 Rxc6 36. Bxc6 1/2-1/2

[Event "European Championship (blitz) 2015"]
[Site "Minsk BLR"]
[Date "2015.12.18"]
[Round "9"]
[White "Savchenko, Boris"]
[Black "Shtembuliak, Evgeny"]
[Result "1/2-1/2"]
[WhiteElo "2612"]
[BlackElo "2420"]
[PlyCount "118"]
[EventDate "2015.12.18"]

1. e4 e6 2. d4 d5 3. Nc3 Nc6 4. Nf3 Nf6 5. e5 Ne4 6. Bd3 Bb4 7. Bd2 Nxd2 8.
Qxd2 Bd7 9. O-O Be7 10. Ne2 Nb4 11. Nf4 Nxd3 12. cxd3 g6 13. g3 b6 14. h4 c5
15. Rac1 Rc8 16. Kg2 Bb5 17. Rh1 h6 18. Ne2 Kd7 19. Rc3 Rc7 20. Qf4 Qg8 21.
Rhc1 g5 22. hxg5 hxg5 23. Qg4 Qg6 24. dxc5 bxc5 25. Rd1 Qh5 26. Qxh5 Rxh5 27.
Rb3 Ba4 28. Nd2 g4 29. f4 gxf3+ 30. Nxf3 Bxb3 31. axb3 Rb7 32. Ra1 Rh8 33. Nd2
Rg8 34. Rf1 Rg7 35. Ra1 Rg5 36. Nf3 Rg7 37. Nd2 Bd8 38. Ra6 Bb6 39. Ra4 Rb8 40.
Rh4 Rbg8 41. Nf3 a5 42. Rh5 Kc6 43. Rh6 Bc7 44. Rh4 Rg6 45. Rh7 R6g7 46. Rh6
Bd8 47. Rh5 Kd7 48. Rh1 f6 49. Rh6 fxe5 50. Nxe5+ Kd6 51. Nf3 Rg6 52. Rh7 Bc7
53. Kf2 Kc6 54. Rh3 Rf8 55. Kg2 Rgf6 56. Neg1 e5 57. Rh4 Rg8 58. Ne2 Rgf8 59.
Neg1 Re8 1/2-1/2

[Event "European Championship (blitz) 2015"]
[Site "Minsk BLR"]
[Date "2015.12.18"]
[Round "10"]
[White "Shtembuliak, Evgeny"]
[Black "Savchenko, Boris"]
[Result "0-1"]
[WhiteElo "2420"]
[BlackElo "2612"]
[PlyCount "109"]
[EventDate "2015.12.18"]

1. Nf3 d5 2. g3 Bf5 3. Bg2 Nf6 4. O-O e6 5. c4 c6 6. cxd5 exd5 7. d3 Na6 8. a3
Be7 9. b4 Nc7 10. Nd4 Bg4 11. Nb3 Qd7 12. Nc3 Bh3 13. e4 Bxg2 14. Kxg2 h5 15.
h3 dxe4 16. dxe4 Qxd1 17. Rxd1 Nd7 18. Be3 O-O-O 19. f4 h4 20. g4 g5 21. Nd4
gxf4 22. Bxf4 Bf6 23. Rac1 Bxd4 24. Rxd4 Ne6 25. Ne2 Nxd4 26. Nxd4 Nf8 27. Be5
Rh6 28. b5 Re8 29. Bg7 Rd6 30. bxc6 bxc6 31. Nxc6 Ng6 32. Nxa7+ Kb7 33. Nb5
Rd2+ 34. Kf1 Rc8 35. Rxc8 Kxc8 36. e5 Kd7 37. Nd6 Nf4 38. Bh6 Rd1+ 39. Kf2
Nxh3+ 40. Kg2 Ng1 41. Nxf7 Ke6 42. Ng5+ Kxe5 43. Nf3+ Nxf3 44. Kxf3 Rd3+ 45.
Kg2 Rg3+ 46. Kh2 Rxg4 47. Kh3 Kf5 48. Bf8 Kg5 49. Be7+ Kh5 50. Bd6 Rd4 51. Bc5
Rd3+ 52. Kh2 Kg4 53. Be7 Rd2+ 54. Kg1 Kg3 55. Kf1 0-1

[Event "European Championship (blitz) 2015"]
[Site "Minsk BLR"]
[Date "2015.12.18"]
[Round "11"]
[White "Zubritskiy, Artyom"]
[Black "Savchenko, Boris"]
[Result "0-1"]
[WhiteElo "2422"]
[BlackElo "2612"]
[PlyCount "60"]
[EventDate "2015.12.18"]

1. d4 Nf6 2. c4 e6 3. g3 d5 4. Nf3 dxc4 5. Bg2 b5 6. a4 c6 7. O-O Bb7 8. Qc2 a6
9. Rd1 Nbd7 10. e4 Be7 11. Nc3 O-O 12. Bf4 Re8 13. h3 Qb6 14. g4 c5 15. d5 exd5
16. e5 d4 17. exf6 Bxf6 18. g5 Be7 19. Qc1 Nf8 20. Ne2 Ne6 21. Bh2 Bc6 22. h4
Qb7 23. Ne1 d3 24. Ng3 Nd4 25. Qf4 Bf8 26. Qg4 Rxe1+ 27. Rxe1 Bxg2 28. Re3 Bf3
29. Qh3 d2 30. Nh5 Bxh5 0-1

[Event "European Championship (blitz) 2015"]
[Site "Minsk BLR"]
[Date "2015.12.18"]
[Round "12"]
[White "Savchenko, Boris"]
[Black "Zubritskiy, Artyom"]
[Result "1/2-1/2"]
[WhiteElo "2612"]
[BlackElo "2422"]
[PlyCount "113"]
[EventDate "2015.12.18"]

1. e4 c5 2. Nf3 d6 3. d4 cxd4 4. Nxd4 Nf6 5. Nc3 a6 6. Bg5 e6 7. f4 Nbd7 8. Qe2
Qc7 9. O-O-O Be7 10. g4 h6 11. Bxf6 Bxf6 12. Bg2 g5 13. f5 Ne5 14. Rhf1 Rf8 15.
Kb1 Bd7 16. h3 O-O-O 17. Qf2 Nc4 18. fxe6 fxe6 19. e5 Bg7 20. Qg1 Bxe5 21. Nce2
Rxf1 22. Bxf1 Qb6 23. b3 Na3+ 24. Kb2 Nb5 25. c3 Qc5 26. Bg2 Rf8 27. Qe3 Kb8
28. Qe4 Qc7 29. a4 Nxd4 30. cxd4 Bh8 31. Rc1 Qb6 32. Qh7 Bxd4+ 33. Ka2 Rf2 34.
Rc2 Bc6 35. Bxc6 bxc6 36. Qg8+ Ka7 37. Qxe6 Bc5 38. Qd7+ Qb7 39. Qe8 Rf3 40.
Rb2 Rxh3 41. Qg8 Re3 42. Qc4 Rf3 43. Qe4 Re3 44. Qc4 Qb6 45. Rc2 Qb7 46. Nc1
Qb4 47. Qf7+ Kb6 48. Qg8 Qa3+ 49. Kb1 Ka7 50. Qg7+ Kb6 51. Qh8 Ka7 52. Rf2 Re7
53. Rf8 Kb6 54. Rb8+ Ka7 55. Ra8+ Kb6 56. Qd8+ Rc7 57. Rb8+ 1/2-1/2

[Event "European Championship (blitz) 2015"]
[Site "Minsk BLR"]
[Date "2015.12.18"]
[Round "15"]
[White "Bocharov, Dmitry"]
[Black "Savchenko, Boris"]
[Result "1/2-1/2"]
[WhiteElo "2558"]
[BlackElo "2612"]
[PlyCount "113"]
[EventDate "2015.12.18"]

1. Nf3 d5 2. g3 Bf5 3. Bg2 e6 4. c4 c6 5. cxd5 exd5 6. O-O Na6 7. d3 Nf6 8. Nc3
Be7 9. Qc2 d4 10. Ne4 O-O 11. Bf4 Nxe4 12. dxe4 Nb4 13. Qb1 Bg6 14. Ne5 c5 15.
Nxg6 hxg6 16. e5 Qb6 17. Qe4 Rab8 18. a3 Nc6 19. e6 f5 20. Qc2 Rbd8 21. Rac1 g5
22. Bd2 Ne5 23. Qa4 g4 24. Bf4 Ng6 25. Bd2 Rf6 26. e3 Rxe6 27. Ba5 Qa6 28. Qb3
c4 29. Rxc4 Qxa5 30. Rxd4 Kf7 31. Bd5 Nf8 32. Rfd1 Re8 33. Bxe6+ Nxe6 34. Rd5
Qa6 35. Rxf5+ Bf6 36. Rd7+ Kg6 37. Qc2 Kh6 38. Rxf6+ gxf6 39. Qh7+ Kg5 40. Qh4+
Kg6 41. Qxg4+ Ng5 42. f4 Qe6 43. Qxe6 Nxe6 44. Rxb7 Nc5 45. Rxa7 Rxe3 46. b4
Ne4 47. b5 Kf5 48. b6 Rb3 49. Ra5+ Kg4 50. Ra4 Rb1+ 51. Kg2 Rb2+ 52. Kg1 Kf3
53. Rb4 Rg2+ 54. Kf1 Nd2+ 55. Ke1 Ke3 56. Kd1 Kd3 57. Kc1 1/2-1/2